[Event "PCA-Wch Candidates final"]
[Site "Las Palmas"]
[Date "1995.??.??"]
[Round "9"]
[White "Anand, Viswanathan"]
[Black "Kamsky, Gata"]
[Result "1-0"]
[WhiteElo "2715"]
[BlackElo "2710"]
[Annotator "Anand,V"]
[PlyCount "99"]
[EventDate "1995.03.??"]
[EventType "match"]
[EventRounds "11"]
[EventCountry "ESP"]
[SourceTitle "CBM 046"]
[Source "ChessBase"]
[SourceDate "1995.06.01"]
[SourceVersion "1"]
[SourceVersionDate "1995.06.01"]
[SourceQuality "1"]

1. e4 {Knaak Ftacnik Yusupov} e5 2. Nf3 Nc6 3. Bb5 a6 4. Ba4 Nf6 5. O-O Be7 6.
Re1 b5 7. Bb3 d6 8. c3 O-O 9. h3 Re8 10. d4 Bb7 11. Nbd2 Bf8 12. a4 h6 13. Bc2
exd4 14. cxd4 Nb4 15. Bb1 Qd7 16. b3 $1 (16. e5 {Ftacnik} dxe5 17. dxe5 Nh5 18.
axb5 Qxb5 19. Qb3 $13 {Beliavsky,A-Smejkal,J/Sarajevo/1982/}) (16. Ra3 {Ftacnik
} bxa4 17. Rxa4 a5 (17... Qb5 18. Ra3 d5 19. e5 Ne4 20. Nh2 $16 {Dvoirys,
S-Goldin,A/URS/1985/}) 18. Ra3 Qb5 19. Nh2 (19. d5 c6 20. Nd4 Qb6 21. Nc4 Qd8
22. dxc6 Nxc6 23. Nf5 d5 24. Rg3 $40 {Rodriguez,Am-Geller,E/Moskva/1985/0.5 
(41)}) 19... g6 20. Ng4 Nxg4 21. Qxg4 Bg7 22. Nf3 c5 23. Qh4 h5 24. d5 $16 {
Dvoirys,S-Lerner,K/Kharkov/1985/}) 16... g6 (16... c5 {Ftacnik} 17. d5) 17. Bb2
$1 $146 Bg7 18. Qc1 $1 (18. d5 c6 {Van der Wiel}) (18. Bc3 $2 {Knaak} c5 19. d5
Nxe4 20. Bxg7 Nxd2 $19) 18... Rac8 (18... d5 {Ftacnik} 19. e5 Ne4 20. Nxe4 dxe4
21. Bxe4 Bxe4 22. Rxe4 Rac8 $14) 19. Bc3 c5 20. d5 {Ftacnik: The structure
became very similar to Benoni defence. White`s dream is to achieve the push
e4-e5 under favourable circumstances. Knaak: Diese Bauernstruktur wurde auch
in der 5. und 7. Partie erreicht. Hier hat Weiß noch den Vorteil des gut
plazierten Bc3, welcher ein Gegengewicht zum starken Bg7 darstellt. Da der Bc3
den Nb4 bedroht, ist c5-c4 /\Nb4-d3 verhindert.} (20. Bxb4 $6 {Ftacnik} cxb4
21. Qb2 Rc3 $15) 20... Qe7 {/\ Nd7} 21. Nf1 (21. Qb2 {Ftacnik} Nh5 22. Bxg7
Nxg7) 21... Nh7 $2 {Why play 20...Qd7 if you are going to play Nh7?} (21... Nd7
$1 22. Bxg7 Kxg7 23. Ne3 h5 {/\ Ne5}) 22. Bxg7 Kxg7 23. Ne3 $1 h5 {Ftacnik:
Weakens the K- side position and gives White more ground forr pursuing his
plan.} (23... Qf6 24. Ng4 $1 Qxa1 25. Qxh6+ Kg8 26. e5 $1 Rxe5 (26... Qc3 27.
Bxg6 (27. Ng5 $2 {Ftacnik} Qxe1+ 28. Kh2 Qxe5+ 29. Nxe5 Nxg5 30. Nxg6 f6 $17)
27... fxg6 28. Nf6+ $1 Nxf6 29. Qxg6+ Kf8 30. Qxf6+ Kg8 31. Re4 $1 $18) (26...
dxe5 {Ftacnik} 27. Ng5 Rc7 28. Nxh7 $18) 27. Ngxe5 $1 (27. Rxe5 $2 dxe5 $1 28.
Ng5 Qxb1+ 29. Kh2 Qf5) 27... dxe5 28. Bxg6 Qxe1+ 29. Nxe1 fxg6 30. Qxg6+ $16) (
23... Ng5 24. Nxg5 (24. Qc3+ {Ftacnik} Kh7 (24... Qf6 25. Qxf6+ Kxf6 26. Nxg5
hxg5 27. axb5 axb5 28. Ra5 $14) 25. Nxg5+ Qxg5) 24... hxg5 (24... Qxg5 25. axb5
axb5 26. f4 $1 $16) 25. axb5 axb5 26. Ra5 $1 Qc7 27. Ra7 $16 Ra8 $140 (27...
Qb6 28. Nf5+ gxf5 29. Qxg5+ Kf8 30. Qh6+ Ke7 31. e5 $1 $18) 28. Nf5+ $1 gxf5 (
28... Kf6 29. Rxb7 Qxb7 30. Nxd6 $18) 29. Qxg5+ Kf8 30. Qh6+ Ke7 31. e5 $1 $40)
24. Qd2 $1 {/\Nd4} Kg8 (24... Qf6 25. Ra3 (25. Ra3 {Ftacnik} bxa4 26. Rxa4 $14)
) (24... bxa4 $5 25. Rxa4 $16) (24... Nf6 {Ftacnik} 25. axb5 axb5 26. Nf5+ gxf5
27. Qg5+ Kh8 28. e5 dxe5 (28... Nh7 29. Qxh5 f6 30. Bxf5 Bxd5 31. exf6 Qf7 32.
Rxe8+ Rxe8 33. Bg6 Bxf3 34. Qh6 Qxg6 35. Qxg6 Rg8 36. Qf5 $16) 29. Rxe5 Qd6 30.
Qh6+ Kg8 31. Rxf5 Ne4 32. Rg5+ Nxg5 33. Qxd6 $16) 25. axb5 axb5 26. Nd1 $3 {
This move really kills Black. It stops Ng5 and strikes at b5.} Na6 {Knaak: Der
nur scheinbar aktiv postierte Nb4 zieht sich zurück.} (26... Nf6 {Ftacnik} 27.
Nc3 {xb5}) (26... Ra8 {Knaak} 27. Rxa8 Rxa8 28. Nc3 Qd7 29. e5 dxe5 30. Nxe5
Qd6 31. Qf4 Qf6 32. Qxf6 Nxf6 33. d6 $16) 27. Nc3 b4 28. Nb5 (28. Na4 $5 $16 {
/\Nb6-c4}) 28... Nc7 (28... Rb8 {Ftacnik} 29. Qf4 Red8 30. Bd3 $16) 29. Bd3
Nxb5 30. Bxb5 {Knaak: Die schwarze Bauernmehrheit am Damenflügel ist wertlos.
Weiß wir aber im geeigneten Moment e4-e5 durchsetzen können.} Red8 31. Bc4 $1 {
Most Benoni players would have fainted by this point! Ftacnik: Black has lost
the positional battle, e4-e5 becomes a real threat.} Nf6 32. Qh6 $1 {><g6} Qf8
(32... Ra8 {Ftacnik} 33. Rxa8 Rxa8 34. e5 Nh7 (34... dxe5 {Knaak} 35. d6 Qf8
36. Qxg6+ $18) (34... Nxd5 {Knaak} 35. Ng5 $18) 35. e6 $40 (35. Qf4 Rd8 36.
exd6 Qxd6 37. Re8+ Kg7 38. Ne5 Nf6 39. Rxd8 Qxd8 $13)) (32... Nxe4 {Knaak} 33.
Ra2 $1) 33. Qg5 (33. Qf4 $5 $16) 33... Qg7 (33... Nh7 34. Qf4 $16) (33... Qe7
34. Ra7 $1) 34. Ra7 $16 Rc7 (34... Rd7 35. e5 (35. Bb5 {Knaak} Bc6 36. Rxd7
Bxd7 37. Bxd7 Nxd7 38. Qe7 $18) 35... Ne8 (35... Nxd5 36. e6 $1 fxe6 37. Rxe6
$18) (35... dxe5 36. Nxe5 Rdc7 37. d6 $18) 36. e6 Rdc7 37. exf7+ Qxf7 38. Re6
$18) (34... Ba8 {Ftacnik} 35. e5 Nh7 36. Qg3 $16) 35. Ba6 $1 Rb8 (35... Rdd7
36. Bxb7 Rxb7 37. Ra8+ $1 Kh7 38. Qf4 Ng8 39. e5 dxe5 40. Rxe5 $1 {/\ Ree8})
36. e5 $1 {At last - now this is decisive. Ftacnik: Since his opponent is tied
down along the a-file, White has already achieved a winning advantage.} Ne8 (
36... dxe5 37. d6 Rd7 38. Nxe5 $18) (36... Nxd5 {Ftacnik} 37. exd6 $18) 37.
Rxb7 Rcxb7 38. Bxb7 Rxb7 39. Qd8 Qf8 40. Ra1 $1 (40. e6 $2 fxe6 $16 (40... f6
41. e7 Qf7 42. Nd2 Kg7 43. Nc4 $18) 41. Rxe6 (41. dxe6 Qe7) 41... Ng7 42. Qxf8+
(42. Rxd6 $16 {Ftacnik}) 42... Kxf8 43. Rxg6 c4) 40... Nc7 41. Qd7 (41. Qxf8+ {
Ftacnik} Kxf8 42. exd6 Nxd5 43. Ne5 $16) 41... Qb8 (41... Qe8 $2 42. Qc6 $1
Qxc6 43. dxc6 Rb6 44. exd6 $18) (41... dxe5 {Ftacnik} 42. d6 Qe8 43. dxc7 $1
Qxd7 44. Ra8+ Kg7 45. c8=Q $18) 42. Qxd6 $18 (42. exd6 {Ftacnik} Nxd5 43. Qc6
Nf6 $14) 42... c4 $8 (42... Ra7 {Ftacnik} 43. Rc1 $18) 43. bxc4 b3 44. Rb1 (44.
Ng5 b2 45. Rb1 Ra7 46. Kh2 $1 $18 (46. Rxb2 Qxb2 47. Qd8+ Ne8 $1 48. Qxe8+ Kg7)
46... Ra1 $140 47. Rxb2 Qxb2 48. Qd8+ Kg7 (48... Ne8 49. Qxe8+ Kg7 50. Qxf7+
Kh6 51. Qf8+ $1 Kxg5 52. h4+ Kg4 53. Qf3+ Kxh4 54. Qf4#) 49. Qf6+ Kh6 50. Nxf7+
Kh7 51. Qh8# {Yusupov}) 44... b2 45. Qc5 $1 Rb3 (45... Ra7 {Ftacnik} 46. Qd4 (
46. Rxb2 Ra1+ 47. Kh2 Qxb2 48. Qxc7 Ra2 49. e6 fxe6 50. dxe6 Qf6 (50... Qxf2
51. Qf7+ Kh8 52. Qf8+ Kh7 53. Ng5#) 51. e7 Ra8 52. Qd7 Qf4+ 53. Kh1 Qf7 54.
Qd8+ Qe8 55. Qd5+ Kg7 56. Qe5+ Kg8 57. Ng5 $40) 46... Ra2 47. Ng5 $18) 46. Qd4
Qb4 47. Ng5 $1 $40 Rc3 48. Qf4 $1 f6 (48... Rc1+ 49. Rxc1 (49. Kh2) 49...
bxc1=Q+ 50. Qxc1) (48... Qf8 {Ftacnik} 49. Rxb2 $18) 49. exf6 Nxd5 50. f7+ (50.
f7+ Kf8 (50... Kg7 51. f8=Q+ Qxf8 52. Ne6+ Kh7 53. Qxf8 Rc1+ 54. Kh2 Rh1+ 55.
Kxh1 Ne3 56. Qg7#) 51. Ne6+ Ke7 52. f8=Q+ Kd7 53. Qd8+ Kc6 54. Qfc7+ Nxc7 55.
Qxc7#) 1-0

[Event "PCA-Wch Candidates final"]
[Site "Las Palmas"]
[Date "1995.??.??"]
[Round "11"]
[White "Anand, Viswanathan"]
[Black "Kamsky, Gata"]
[Result "1-0"]
[WhiteElo "2715"]
[BlackElo "2710"]
[Annotator "Anand,V"]
[PlyCount "99"]
[EventDate "1995.03.??"]
[EventType "match"]
[EventRounds "11"]
[EventCountry "ESP"]
[SourceTitle "CBM 046"]
[Source "ChessBase"]
[SourceDate "1995.06.01"]
[SourceVersion "1"]
[SourceVersionDate "1995.06.01"]
[SourceQuality "1"]

1. e4 {Ftacnik Boensch} c5 2. Nf3 d6 3. d4 cxd4 4. Nxd4 Nf6 5. Nc3 a6 6. Be3 e6
7. Be2 Be7 8. f4 Nc6 9. Qd2 {!? Boensch:In diesem Aufbau îst die lange Rochade
keine sehr populäre Idee.} Nxd4 (9... Qc7 {Boensch} 10. O-O-O Na5 (10... Na5
11. Kb1 Nc4 12. Bxc4 Qxc4 13. e5 dxe5 14. fxe5 Nd7 15. Qf2 Qc7 16. Bf4 Nc5 17.
Qg3 g5 18. Be3 Nd7 19. Nf3 Rg8 20. Ne4 $16 {Spasov,V-Akopian,V Niksic (03)
1991 1/2 43}) (10... O-O 11. g4 b5 (11... Nxd4 12. Qxd4 e5 13. Qd3 exf4 14.
Bxf4 Bxg4 15. Bxg4 Nxg4 16. Nd5 Qd8 17. Qg3 h5 18. Nxe7+ Qxe7 19. Bxd6 $16 {
Kosanovic,G-Hulak,K JUG-Cup Pula (Jedinstvo(SP)-Mladost [1]) 1990 1-0 64}) 12.
g5 Nd7 13. Bf3 Na5 14. Nf5 exf5 15. Nd5 Qd8 16. Nxe7+ Qxe7 17. Qxa5 fxe4 $15 {
Anand,V-Ardiansyah,H Dubai ol 1986 0-1 38})) (9... Bd7 {Boensch} 10. O-O-O (10.
Bf3 {Ftacnik} Qc7 11. a4 Na5 12. b3 Rc8 13. Nd1 O-O 14. O-O e5 15. Ne2 d5 16.
fxe5 dxe4 17. exf6 Bxf6 18. Bd4 Bxd4+ 19. Nxd4 exf3 20. Rxf3 Nc6 21. Ne3 Ne5
22. Rg3 Qc5 23. b4 Qc3 24. Qxc3 {El Amri,A-Ferrao,L/Buenos Aires olm (12)/1978/
0.5 (47)}) (10. Rg1 Nxd4 11. Qxd4 Bc6 12. O-O-O O-O 13. g4 d5 14. e5 Ne4 15.
Nxe4 dxe4 16. Qxd8 Raxd8 17. Rxd8 Rxd8 18. Bb6 Rd7 19. g5 Kf8 20. Bg4 Bd5 21.
Rd1 Ke8 22. b3 Ba3+ 23. Kb1 Bc6 24. Rxd7 {Kudrin,S-Cebalo,M/Bern/1988/0.5 (84)}
) 10... O-O 11. g4 Nxd4 12. Qxd4 Bc6 13. g5 Nd7 14. Rhg1 Qa5 15. Kb1 Rfe8 16.
f5 Ne5 17. fxe6 fxe6 18. Bc4 Bf8 19. Rgf1 Nxc4 20. Qxc4 Rac8 $10 {Kupreichik,
V-Lukin,A URS-chT Podolsk 1990 1/2 41}) 10. Qxd4 (10. Bxd4 $6 {Boensch
gestattet sofort b5 mit Gegenspiel.} b5 11. e5 b4 12. exf6 bxc3 13. Qxc3 gxf6
$13) 10... O-O 11. O-O-O Qa5 $2 {A really lousy move. 11...b5 or 11...Qc7
would have been better.} (11... b5 $5 {Ftacnik} 12. Bf3 Bb7 $13) (11... Qc7 12.
Qb6 Qc6) 12. Qb6 $1 Qxb6 13. Bxb6 Ne8 (13... Bd7 14. e5 dxe5 (14... Ne8 15. Bc5
$1 $18) 15. fxe5 Nd5 16. Nxd5 exd5 17. Bf3 Rac8 18. Be3 $1 $16) (13... Nd7 14.
Bc7 $18) (13... e5 $5 14. f5 $16) 14. e5 $1 {פe8} d5 (14... f6 15. Bf3 $1 (15.
exf6 {Ftacnik} Bxf6 16. Ne4 $16)) (14... dxe5 {Ftacnik} 15. fxe5 f6 $14) 15. f5
$1 (15. Bg4 g6 $1 {/\ Ng7}) 15... Bd7 (15... exf5 16. Nxd5 Bg5+ 17. Kb1 Be6 18.
Bf3 $1 {/\ h4}) (15... Bg5+ {Boensch} 16. Kb1 Bf4 $1 {Die einzige Chance
bietet dieses Qualitätsopfer.} 17. Bc5 Bxe5 18. Bxf8 Kxf8 $14) 16. Bg4 $1 (16.
fxe6 fxe6 17. Bg4 Bc8 {/\ g6,Ng7}) 16... Bc8 $2 {Boensch: Da normale
Entwicklungszüge widerlegt werden, greift Kamsky aus Not zu diesem etwas
seltsam wirkenden Zug.} (16... Bb4 $1 $8 17. fxe6 Bxe6 18. Nxd5 $1 (18. Bf3
Bxc3 19. bxc3 Rc8 20. Bxd5 Bxd5 21. Rxd5 Nc7 $44) 18... Bxg4 19. Rd4 $16) (
16... Rc8 $2 {Boensch} 17. f6 $1 gxf6 (17... Bc5 18. Nxd5 gxf6 19. exf6 $18) (
17... Bd8 18. Nxd5 $18) 18. Nxd5 Bd8 19. Bxd8 exd5 (19... Rxd8 20. Nb6 $18) 20.
Bxd7 Rxd8 21. e6 $18) (16... Bg5+ {Boensch} 17. Kb1 Rc8 (17... exf5 18. Bf3 $16
(18. Bf3 {Ftacnik} Bc6 19. Nxd5 $16)) 18. fxe6 Bxe6 (18... fxe6 19. Nxd5 $18)
19. Bf3 $16) (16... exf5 {Boensch} 17. Bf3 $16 (17. Nxd5 $2 Bg5+ 18. Ne3 $13 (
18. Be3 {Ftacnik} f4 $1 (18... fxg4 19. Bxg5 $16) (18... Bxe3+ 19. Nxe3 Be6 20.
Bxf5 $16) 19. Ne7+ (19. Bxd7 fxe3 20. Rd3 Rd8) 19... Kh8 (19... Bxe7 20. Rxd7
fxe3 21. Rxe7 $16) 20. Rxd7 fxe3 21. Nd5 $16))) 17. Rhf1 $1 a5 18. Na4 $1 {
[#] ><e6} f6 (18... exf5 {Boensch} 19. Bxf5 Be6 20. Nc5 $16) (18... Ra6 {
Ftacnik} 19. Be2 Ra8 20. Be3 $16) 19. fxe6 fxe5 20. Nc3 Bg5+ (20... Rxf1 21.
Rxf1 Nf6 22. Rxf6 $3 Bxf6 (22... gxf6 23. Nxd5 Kf8 24. Nxe7 $1 $18) 23. Nxd5 a4
24. c4 $18 {All the Black pieces are locked up.}) 21. Kb1 Nf6 (21... Rxf1 {
Boensch} 22. Rxf1 Nf6 (22... Ra6 23. e7 (23. Nxd5 $18) 23... Bf6 24. Bxc8 Rxb6
25. Nxd5 $18) 23. Rxf6 (23. Bh3 {Ftacnik} d4 24. Nb5 Nd5 (24... Ra6 25. e7 Bf4
26. Bxc8 Rxb6 27. g3 Kf7 28. Nc7 Rc6 29. e8=Q+ Nxe8 30. Nxe8 Kxe8 31. Bxb7 Rb6
32. gxf4 Rxb7 33. fxe5 $18) 25. Bc7 Bf6 26. Re1 $16) 23... Bxf6 24. Nxd5 h5 25.
Bh3 e4 26. Nc7 Rb8 27. Ba7 e3 28. Kc1 $18) 22. Nxd5 Nxg4 (22... Nxd5 {Boensch}
23. Rxf8+ Kxf8 24. Rxd5 $18) 23. Rxf8+ (23. e7 $1 Rxf1 (23... Re8 24. Nc7) 24.
e8=Q+ Rf8) 23... Kxf8 24. Nc7 (24. Bc5+ {Ftacnik} Kg8 25. Nc7 b6 $1) 24... Ra6
(24... Rb8 {Boensch} 25. h3 (25. Ba7 $18 {Ftacnik}) 25... Nh6 26. Bc5+ Kg8 27.
Ba7 $18) 25. Bc5+ $1 $8 (25. Nxa6 $2 bxa6 $19) 25... Kg8 (25... Be7 $4 {Boensch
} 26. Rd8#) 26. Nxa6 Bxe6 (26... bxa6 {Boensch} 27. e7 Kf7 28. Rd8 $18 (28. Rd8
{Ftacnik} Bxe7 29. Bxe7 Kxe7 30. Rxc8 $18)) 27. Nc7 Bf5 28. h3 Nf6 (28... Ne3 {
Ftacnik} 29. Bxe3 Bxe3 30. g4 Bg6 31. Ne6 $18) 29. g4 $1 Be4 (29... Bg6 {
Ftacnik} 30. Ne6 Bh4 31. Bb6 $18) 30. Ne6 Bh4 (30... Bf4 {Ftacnik} 31. Bb6 $18)
31. g5 $1 Nd5 32. Rf1 h6 33. gxh6 gxh6 34. Rf8+ Kh7 35. Bd6 $1 Nb4 (35... Bf6 {
Ftacnik} 36. Nc5 Bg6 37. Nxb7 $18) (35... Bg2 {Ftacnik} 36. Bxe5 Bxh3 37. Nf4
Nxf4 38. Rxf4 Bg5 39. Rf7+ Kg6 40. Rxb7 $18) 36. Bxe5 Bxc2+ (36... Nxc2 {
Boensch} 37. Rf4 Bd3 38. Rxh4 Nd4+ 39. Kc1 Nxe6 $18) 37. Kc1 Be4 38. Nf4 Nd3+ (
38... Nxa2+ $2 {Boensch} 39. Kd2 Nb4 40. Rh8#) 39. Nxd3 Bxd3 40. Rh8+ (40. Rf7+
Kg6 41. Rxb7) 40... Kg6 41. Bf4 $1 $18 Bg5 42. Bxg5 Kxg5 43. Kd2 Bb5 (43... Ba6
{Ftacnik} 44. Rc8 $18) 44. Ra8 Ba6 (44... b6 {Ftacnik} 45. Rb8 $18) 45. Rc8 Kh4
46. Rc5 a4 (46... b6 {Ftacnik} 47. Rc6 $18) 47. Ra5 h5 (47... Kxh3 {Ftacnik}
48. Rh5+ Kg4 49. Rxh6 $18) 48. Ke3 (48. Ke1 $1 Bd3 $2 49. Rxa4+ Kxh3 50. Ra3)
48... Bf1 49. Rxa4+ Kxh3 50. Kf2 (50. Kf2 {Boensch} Bg2 (50... Ba6 {Ftacnik}
51. Rxa6 (51. Rd4 h4 52. a4 $18) 51... bxa6 52. b4 Kg4 53. a4 Kf5 54. b5 axb5
55. a5 $18) 51. Rd4 h4 52. a4 Bc6 53. a5 Bg2 54. b4 Bc6 55. Rd6 Be4 56. b5 $18)
1-0

[Event "Dos Hermanas"]
[Site "Dos Hermanas"]
[Date "1995.??.??"]
[Round "1"]
[White "Kamsky, Gata"]
[Black "Piket, Jeroen"]
[Result "1-0"]
[WhiteElo "2710"]
[BlackElo "2670"]
[Annotator "Wedberg,T"]
[PlyCount "69"]
[EventDate "1995.04.??"]
[EventType "tourn"]
[EventRounds "9"]
[EventCountry "ESP"]
[EventCategory "18"]
[SourceTitle "CBM 047"]
[Source "ChessBase"]
[SourceDate "1995.08.01"]
[SourceVersion "1"]
[SourceVersionDate "1995.08.01"]
[SourceQuality "1"]

1. e4 {Tischbierek Ernst} e5 2. Nf3 Nc6 3. Bb5 a6 4. Ba4 Nf6 5. O-O Nxe4 6. d4
b5 7. Bb3 d5 8. dxe5 Be6 9. Be3 Be7 10. c3 O-O 11. Nbd2 Qd7 (11... Bg4 12. Nxe4
dxe4 13. Qd5 Qxd5 14. Bxd5 exf3 15. Bxc6 fxg2 16. Rfc1 Rad8 17. a4 $14 {Keres})
12. Re1 Rad8 13. Bc2 Nxd2 14. Qxd2 Bg4 (14... Bf5 {Ernst}) 15. Qd3 $1 g6 16.
Bh6 Rfe8 17. Rad1 Na5 (17... Bf5 18. Qd2 Bxc2 19. Qxc2 Bf8 20. Qd2 $14) 18. h3
Bxf3 (18... Bf5 {Tischbierek} 19. Qd4 c5 (19... Nc6 20. Qd2) 20. e6 cxd4 21.
exd7 Bxd7 22. Rxe7 Rxe7 23. Bg5 Rde8 24. Bxe7 Rxe7 25. Nxd4 $14) 19. Qxf3 c5
20. Qg3 $40 Nc4 21. b3 Na3 22. e6 $1 {[#]} Qc6 (22... fxe6 $4 23. Bxg6 $18) 23.
Bf5 $1 Bf6 24. Bg5 (24. Bc1 $5 {Tischbierek}) 24... Bxg5 25. Qxg5 {Idee 26.e:
f7+ K:f7 27.Be6+/Re6!} Rd6 (25... fxe6 {Ernst} 26. Rxe6 $1 Rd6 27. Rxe8+ Qxe8
28. Bg4 $18 {>< d5,Na3}) (25... f6 {Tischbierek} 26. Qxf6 gxf5 (26... Rf8 27.
Qg5) 27. Rd3 $18) (25... Kg7 {Tischbierek} 26. exf7 Kxf7 27. Re6 $1) 26. Qf6 $1
Rdxe6 (26... gxf5 27. exf7+ $18) (26... fxe6 {Ernst} 27. Bxg6 $1 hxg6 28. Qxg6+
Kh8 29. Re5 $18) 27. Bxe6 fxe6 28. h4 b4 29. cxb4 Nc2 30. Re5 Nd4 31. h5 Rf8
32. Qg5 Nf5 33. hxg6 h6 34. Qc1 Qd6 35. Rde1 1-0

[Event "Dos Hermanas"]
[Site "Dos Hermanas"]
[Date "1995.??.??"]
[Round "2"]
[White "Salov, Valery"]
[Black "Kamsky, Gata"]
[Result "1/2-1/2"]
[WhiteElo "2715"]
[BlackElo "2710"]
[Annotator "Salov,V"]
[PlyCount "91"]
[EventDate "1995.04.??"]
[EventType "tourn"]
[EventRounds "9"]
[EventCountry "ESP"]
[EventCategory "18"]
[SourceTitle "CBM 047"]
[Source "ChessBase"]
[SourceDate "1995.08.01"]
[SourceVersion "1"]
[SourceVersionDate "1995.08.01"]
[SourceQuality "1"]

1. d4 {Dautov} Nf6 2. c4 e6 3. Nc3 Bb4 4. e3 O-O 5. Bd3 d5 6. a3 Bxc3+ 7. bxc3
dxc4 8. Bxc4 c5 9. Nf3 Qc7 10. Ba2 b6 11. O-O Bb7 12. Re1 Nbd7 13. c4 Rfe8 (
13... e5 14. d5 e4 15. Nd2 Ne5 16. Qc2 Nd3 17. Nxe4 Nxe1 18. Nxf6+ gxf6 19. Qe2
$44) 14. Bb2 Rad8 15. h3 {N} (15. Rc1 e5 $2 (15... Qb8 $5 $13) 16. d5 e4 17.
Nd2 Ne5 18. Qc2 $1 $16 Neg4 {Dautov} 19. Nf1 b5 (19... Bc8 20. Ng3 $16) 20.
cxb5 Bxd5 21. Bxd5 Rxd5 22. Red1 Red8 23. Rxd5 Rxd5 24. Rd1 Rxd1 25. Qxd1 $16 {
Gulko,B-Piskov,Y/Helsinki 1992}) 15... h6 16. Qe2 (16. d5 $2 {Dautov} exd5 17.
cxd5 Qd6 $17) 16... cxd4 17. exd4 Qf4 (17... Nh5 {Dautov} 18. Qe3 Nf4 19. Rad1
$14 {/\} Nf6 $2 20. d5 $1 exd5 21. Be5 $16) 18. Qe3 Qf5 (18... Qxe3 {Dautov}
19. Rxe3 Bc6 (19... Rc8 20. a4 Ba6 21. Nd2 $14 {/\Bb3,a5}) 20. Bb3 b5 21. Ne5 (
21. c5 Nd5 $10) 21... Nxe5 22. dxe5 Nd7 23. cxb5 Bxb5 24. a4 Ba6 25. Bd4 Nb6
26. a5 $14) 19. Bb1 Qh5 (19... Qa5 $5) 20. Nh2 $6 (20. a4 $5 {Dautov} Bxf3 21.
Qxf3 Qxf3 22. gxf3 Rc8 23. Bd3 Red8 24. a5 $13) (20. Ne5 $6 {Dautov} Nxe5 21.
Qxe5 Qxe5 22. Rxe5 Rc8 23. Bd3 Ba6 24. Rc1 Rc7 $15) (20. Nd2 $142 $14) 20... b5
(20... Qa5 $5 {/\Ba6,Qa4 ><c4}) 21. c5 (21. g4 $2 Qh4 22. cxb5 Nb6 23. Bd3 (23.
Ba2 {Dautov} Na4 24. Bc1 Rxd4 $1 25. Qxd4 Qxh3 26. f3 Qg3+ 27. Kf1 Qxh2 $17)
23... Na4 $44) 21... a6 $6 22. Nf1 Nd5 23. Qg3 Qg5 24. f3 (24. Be4 Bc6 {/\Ne7})
(24. Qxg5 {Dautov} hxg5 25. Bc1 Nf4 (25... e5 26. Bf5 $14) 26. Bxf4 gxf4 27.
Be4 Bxe4 28. Rxe4 f3 29. gxf3 Nf6 30. Rf4 e5 $15) 24... Ne7 25. a4 (25. Qxg5
hxg5 26. Bc1 Nf6 $132 {><d4}) 25... Qxg3 26. Nxg3 Bd5 (26... b4 {Dautov} 27.
Ne4 Bd5 28. Nd6 Rf8 29. a5 (29. Bd3 a5 $10) 29... Nc8 $10) 27. axb5 $2 (27. Ne4
$142 $14) 27... axb5 28. Ne4 Ra8 $1 $132 29. Bd3 b4 30. Nd6 Reb8 31. Kf2 Nc6
32. Bb5 (32. Rxa8 $142 Rxa8 33. Ra1) 32... b3 33. Ke3 Ra2 $15 34. Rab1 Nf6 35.
Re2 Ne8 (35... Rxb5 36. Nxb5 Bc4 $15 37. Nc3 {Dautov} Bxe2 38. Nxe2 Nd5+ 39.
Kd3 Ra4 40. Bc1 Rb4 41. Bd2 Rb7 42. Rb2 $14 {><b3}) 36. Nxe8 Rxe8 (36... Rxb5
$142) 37. Bc3 Rb8 38. Bd3 Rba8 39. Reb2 Rxb2 40. Rxb2 Ra3 41. Be4 $10 Kf8 42.
Kd3 Ke7 (42... f5 {Dautov} 43. Bxd5 exd5 44. Be1 Ra4 45. Bf2 Rb4 46. Kc3 Rc4+
47. Kxb3 Nxd4+ 48. Bxd4 Rxd4 $10) 43. g4 g6 44. h4 h5 45. gxh5 gxh5 46. Rb1
1/2-1/2

[Event "Dos Hermanas"]
[Site "Dos Hermanas"]
[Date "1995.??.??"]
[Round "3"]
[White "Kamsky, Gata"]
[Black "Lautier, Joel"]
[Result "1/2-1/2"]
[WhiteElo "2710"]
[BlackElo "2655"]
[PlyCount "169"]
[EventDate "1995.04.??"]
[EventType "tourn"]
[EventRounds "9"]
[EventCountry "ESP"]
[EventCategory "18"]
[SourceTitle "CBM 047"]
[Source "ChessBase"]
[SourceDate "1995.08.01"]
[SourceVersion "1"]
[SourceVersionDate "1995.08.01"]
[SourceQuality "1"]

1. e4 c5 2. Nf3 e6 3. d4 cxd4 4. Nxd4 Nf6 5. Nc3 Nc6 6. Ndb5 d6 7. Bf4 e5 8.
Bg5 a6 9. Na3 b5 10. Nd5 Be7 11. Bxf6 Bxf6 12. c3 O-O 13. Nc2 Bg5 14. Be2 Ne7
15. Ncb4 a5 16. Nxe7+ Qxe7 17. Nd5 Qb7 18. Qd3 b4 19. cxb4 axb4 20. Qg3 Bd8 21.
O-O Bb6 22. a3 bxa3 23. bxa3 Be6 24. Bc4 Bd4 25. Rab1 Qa7 26. Rb3 Rac8 27. Nf6+
Kh8 28. Nh5 g6 29. Nf6 Bxf2+ 30. Rxf2 Rxc4 31. h3 Rc2 32. Rbf3 Rxf2 33. Rxf2 h6
34. Kh2 Rb8 35. Qh4 Kg7 36. Ng4 Bxg4 37. Qf6+ Kg8 38. hxg4 Re8 39. Qf3 Qe7 40.
Kg3 Rb8 41. Rd2 Rb1 42. Rd1 Rb2 43. Qc3 Qb7 44. Qe3 Qb5 45. Rd3 Qc4 46. Kh2 Qa2
47. Qg3 Re2 48. Re3 Rf2 49. Rf3 Re2 50. Re3 Qd2 51. Rxe2 Qxe2 52. Qb3 Qxg4 53.
Qd3 Qh4+ 54. Kg1 Qe1+ 55. Kh2 Qh4+ 56. Kg1 Qe1+ 57. Kh2 h5 58. a4 Qh4+ 59. Kg1
Qe1+ 60. Kh2 Kg7 61. Qd5 Qh4+ 62. Kg1 Qe1+ 63. Kh2 g5 64. a5 Qh4+ 65. Kg1 Qe1+
66. Kh2 g4 67. Qxd6 Qh4+ 68. Kg1 Qe1+ 69. Kh2 Qxa5 70. Qe7 Kg6 71. Qd7 Qb6 72.
Qf5+ Kh6 73. Qxf7 Qg6 74. Qe7 g3+ 75. Kh1 Qg5 76. Qe6+ Kg7 77. Qd7+ Kh6 78.
Qe6+ Kg7 79. Qd7+ Kf8 80. Qd6+ Kf7 81. Qd5+ Kf8 82. Qd6+ Kg8 83. Qe6+ Kh7 84.
Qf7+ Qg7 85. Qf5+ 1/2-1/2